Grammy Nominated Albums for "Best Rap Album" - Statistics

General Stats
  • This quiz has been taken 120 times
  • The average score is 22 of 52
Answer Stats
Year Artist Answer % Correct
2023 Kendrick Lamar Mr. Morale & The Big Steppers
86%
2016 Kendrick Lamar To Pimp A Butterfly
83%
2019 Travis Scott ASTROWORLD
82%
2018 Kendrick Lamar DAMN.
82%
2020 Tyler, The Creator IGOR
82%
2022 Kanye West Donda
80%
2014 Kendrick Lamar good kid, m.A.A.d city
78%
2022 Tyler, The Creator CALL ME IF YOU GET LOST
75%
2017 Kanye West The Life Of Pablo
75%
2018 Tyler, The Creator Flower Boy
71%
2014 Kanye West Yeezus
71%
2017 Drake Views
66%
2018 Jay-Z 4:44
63%
2022 Drake Certified Lover Boy
63%
2019 Cardi B Invasion of Privacy
63%
2022 J. Cole The Off-Season
58%
2014 Macklemore & Ryan Lewis The Heist
57%
2019 Mac Miller Swimming
53%
2019 Pusha T DAYTONA
52%
2018 Migos Culture
51%
2021 Nas King's Disease
51%
2014 Drake Nothing Was The Same
47%
2023 DJ Khaled GOD DID
46%
2020 21 Savage i am > i was
46%
2017 Chance the Rapper Coloring Book
45%
2016 J. Cole 2014 Forest Hills Drive
43%
2022 Nas King's Disease II
43%
2021 Freddie Gibbs & The Alchemist Alfredo
42%
2016 Drake If You're Reading This It's Too Late
40%
2023 Future I NEVER LIKED YOU
39%
2023 Pusha T It's Almost Dry
39%
2015 Eminem The Marshall Mathers LP2
38%
2015 Childish Gambino Because the Internet
34%
2016 Dr. Dre Compton
34%
2023 Jack Harlow Come Home The Kids Miss You
29%
2014 Jay-Z Magna Carta... Holy Grail
23%
2020 Dreamville Revenge of the Dreamers III
23%
2015 ScHoolboy Q Oxymoron
22%
2016 Nicki Minaj The Pinkprint
20%
2019 Nipsey Hussle Victory Lap
18%
2020 Cordae The Lost Boy
15%
2017 ScHoolboy Q Blank Face LP
12%
2020 Meek Mill Championships
12%
2017 DJ Khaled Major Key
11%
2021 Jay Electronica A Written Testimony
8%
2015 Iggy Azalea The New Classic
5%
2021 Royce Da 5'9" The Allegory
4%
2017 De La Soul and the Anonymous Nobody...
3%
2018 Rapsody Laila's Wisdom
3%
2015 Wiz Khalifa Blacc Hollywood
2%
2021 D Smoke Black Habits
2%
2015 Common Nobody's Smiling
2%
No matching quizzes found
Score Distribution
Percent of People with Each Score
Percentile by Number Answered
Your Score History
You have not taken this quiz